00752nam a2200145Ia 4500008004100000020001800041100007100059245015300130260002700283650002200310650011900332856004300451999001900494952009300513171212s9999 xx 000 0 und d a9780833041876 aDobbins, James;Harting, Sarah;Kaye, Dalia Dassa;Dalia Dassa Kaye,  cDobbins, James;Harting, Sarah;Kaye, Dalia Dassa;Dalia Dassa Kaye, aCoping with IranbConfrontation, Containment, or Engagement? A Conference Report bRAND Corporationc2007 aPolitical Science aUnited States -- Foreign relations -- Iran -- Congresses; Iran -- Foreign relations -- United States -- Congresses uwww.jstor.org/stable/10.7249/cf237nsrd c351895d351895 001040aCLbCLd2017-12-12l0oE183.8.I55D63 2007r2017-12-12 00:00:00w2017-12-12yCBE